• 首页
  • 本馆介绍
  • 公告通知
  • 最新文献
  • 馆藏检索
  • 电子资源
  • 读者导购
  • 参考咨询
  • 我的图书馆
  • 登录
  • 详细信息显示
  • 放入我的书架
  • 预约/预借图书
  • 作者相关作品
  • 分类相关作品
  • 丛书相关作品
  • 出版社相关作品

书目信息

  • 表格格式
  • 工作单格式
  • 卡片格式
题名:
行政许可条件研究
    
 
作者: 王太高 著
分册:  
出版信息: 北京   法律出版社  2014.8
页数: 313页
开本: 23cm
丛书名: 南京大学法学院案例研究丛书
单 册:
中图分类: D922.112.4
科图分类:
主题词: 行政许可法--Hang Zheng Xu Ke Fa--研究--中国 , 研究--Yan Jiu , 中国--Zhong Guo
电子资源:
ISBN: 978-7-5118-6641-7
000 01191nam0 22002891 450
001 0101082447
005 20161201101957.87
010    @a978-7-5118-6641-7@dCNY38.00
100    @a20141104d2014 em y0chiy50 ea
101 0  @achi
102    @aCN@b110000
105    @ay z 000yy
106    @ar
200 1  @a行政许可条件研究@AHang Zheng Xu Ke Tiao Jian Yan Jiu@f王太高著
210    @a北京@c法律出版社@d2014.8
215    @a313页@d23cm
225 2  @a南京大学法学院案例研究丛书@ANan Jing Da Xue Fa Xue Yuan An Li Yan Jiu Cong Shu
300    @a本书为国家社科基金项目最终成果
330    @a本书对我国《行政许可法》文本进行研究与分析,将文本分析与个案研究结合起来。内容分为五个章节,分别是“行政许可条件界说”、“行政许可条件设定”、“行政许可条件适用(一)——许可决定、变更与延续”、“行政许可条件适用(二)——许可终止、撤回与注销”、“行政许可条件与司法审查”。
461  0 @12001 @a南京大学法学院案例研究丛书
606 0  @a行政许可法@AHang Zheng Xu Ke Fa@x研究@y中国
606 0  @a研究@AYan Jiu
606 0  @a中国@AZhong Guo
690    @aD922.112.4@v5
701  0 @a王太高@AWang Tai Gao@f(1966~)@4著
801  0 @aCN@bTANGWEI@c20161128
905    @b0951577-81@dD922.112.4@e1461@f5
    
    行政许可条件研究/王太高著 .-北京:法律出版社,2014.8
    313页;23cm.-(南京大学法学院案例研究丛书)
    本书为国家社科基金项目最终成果
    
    ISBN 978-7-5118-6641-7:CNY38.00
    本书对我国《行政许可法》文本进行研究与分析,将文本分析与个案研究结合起来。内容分为五个章节,分别是“行政许可条件界说”、“行政许可条件设定”、“行政许可条件适用(一)——许可决定、变更与延续”、“行政许可条件适用(二)——许可终止、撤回与注销”、“行政许可条件与司法审查”。
●
相关链接 在E读中查询图书 在五车中查询图书 在当当中查询图书 在豆瓣中查询图书


正题名:行政许可条件研究     索取号:D922.112.4/1461         预约/预借

序号 登录号 条形码 馆藏地/架位号 状态 备注
1 0951577   209515773   第一样本阅览室/ [索取号:D922.112.4/1461] 在馆    
2 0951578   209515782   密集书库-史法系/ [索取号:D922.112.4/1461] 在馆    
3 0951579   209515791   第一借阅区/ [索取号:D922.112.4/1461] 在馆    
4 0951580   209515808   第一借阅区/ [索取号:D922.112.4/1461] 在馆    
5 0951581   209515817   第一借阅区/ [索取号:D922.112.4/1461] 在馆    
唐山师范学院图书馆 欢迎您!
大连网信软件有限公司© 版权所有